The diffusion of culture

The aim of this book is to examine the writíng of those writers who have been mainly responsible for the evidence thay themselves have provided.

Wedi'i Gadw mewn:
Manylion Llyfryddiaeth
Prif Awdur: Smith, G. Elliot
Fformat: Llyfr
Iaith:Undetermined
Cyhoeddwyd: London Watts & Co. 1933
Pynciau:
Tagiau: Ychwanegu Tag
Dim Tagiau, Byddwch y cyntaf i dagio'r cofnod hwn!
Thư viện lưu trữ: Trung tâm Học liệu Trường Đại học Cần Thơ
LEADER 00693nam a2200205Ia 4500
001 CTU_219326
008 210402s9999 xx 000 0 und d
082 |a 901 
082 |b S648 
100 |a Smith, G. Elliot 
245 4 |a The diffusion of culture 
245 0 |c G. Elliot Smith 
260 |a London 
260 |b Watts & Co. 
260 |c 1933 
520 |a The aim of this book is to examine the writíng of those writers who have been mainly responsible for the evidence thay themselves have provided. 
650 |a Civilization,Anthropology,Văn minh,Nhân học 
650 |x History,Lịch sử 
904 |i Qhieu 
980 |a Trung tâm Học liệu Trường Đại học Cần Thơ